[Event "Sachsen-Anhalt Landesliga-B 1920"]
[Site "Sachsen Anhalt"]
[Date "2020.02.02"]
[Round "6.3"]
[White "Meissel, Jan"]
[Black "Berndorff, Joerg"]
[Result "0-1"]
[WhiteElo "1895"]
[BlackElo "1868"]
[PlyCount "98"]
[EventDate "2019.09.29"]
[EventType "team-tourn"]
[EventRounds "9"]
[EventCountry "GER"]
[SourceTitle "EXT 2023"]
[Source "ChessBase"]
[SourceDate "2022.10.05"]
[SourceVersion "1"]
[SourceVersionDate "2022.10.05"]
[SourceQuality "1"]
[WhiteTeam "Granschuetz Gruen Weiss"]
[BlackTeam "Bad Schmiedeberg"]
[WhiteTeamCountry "GER"]
[BlackTeamCountry "GER"]

1. d4 d5 2. Nf3 c6 3. g3 g6 4. Bg2 Bg7 5. 0-0 Bg4 6. h3 Bxf3 7. Bxf3 Nf6 8. c3 Nbd7 9. Nd2 e5 10. dxe5 Nxe5 11. Bg2 0-0 12. Qc2 Re8 13. e4 d4 14. cxd4 Qxd4 15. Nb3 Qd3 16. Qxd3 Nxd3 17. f3 Nh5 18. Kh2 Nxc1 19. Raxc1 Bxb2 20. Rc2 Ba3 21. f4 Bb4 22. e5 Rad8 23. g4 Ng7 24. Rff2 Ne6 25. Rc4 a5 26. a3 Be1 27. Re2 Rd3 28. Nc5 Bg3+ 29. Kg1 Nxc5 30. Rxc5 Rxa3 31. f5 Ra1+ 32. Bf1 Re1 33. Rxa5 Rxe2 34. Bxe2 Bxe5 35. Kf2 Bd4+ 36. Kf1 g5 37. Bf3 Kg7 38. Ra4 Rd8 39. Rb4 Rd7 40. Rb3 Kf6 41. Rb1 Ke5 42. Re1+ Kf4 43. Kg2 Be3 44. Re2 Rd3 45. Rb2 Bd4 46. Rxb7 Rxf3 47. f6 Rf2+ 48. Kh1 Kg3 49. Rb3+ Rf3 0-1

[Event "Sachsen-Anhalt Landesliga-B 1920"]
[Site "Sachsen Anhalt"]
[Date "2020.01.19"]
[Round "5.3"]
[White "Just, Joachim"]
[Black "Meissel, Jan"]
[Result "1-0"]
[WhiteElo "1827"]
[BlackElo "1895"]
[PlyCount "75"]
[EventDate "2019.09.29"]
[EventType "team-tourn"]
[EventRounds "9"]
[EventCountry "GER"]
[SourceTitle "EXT 2023"]
[Source "ChessBase"]
[SourceDate "2022.10.05"]
[SourceVersion "1"]
[SourceVersionDate "2022.10.05"]
[SourceQuality "1"]
[WhiteTeam "Zeitz Motor"]
[BlackTeam "Granschuetz Gruen Weiss"]
[WhiteTeamCountry "GER"]
[BlackTeamCountry "GER"]

1. d4 d5 2. Nf3 Nf6 3. Bg5 e6 4. e3 Be7 5. Nbd2 0-0 6. Bd3 b6 7. Ne5 Nfd7 8. Bxe7 Qxe7 9. f4 f5 10. 0-0 Nxe5 11. fxe5 c5 12. c3 Ba6 13. Bxa6 Nxa6 14. Qh5 g6 15. Qe2 Nc7 16. Nf3 Kg7 17. Rac1 b5 18. b4 c4 19. Qc2 a5 20. Rb1 h6 21. a4 Rfb8 22. bxa5 Rxa5 23. axb5 Raxb5 24. Rxb5 Nxb5 25. Ra1 Qb7 26. h3 Ra8 27. Rb1 Ra3 28. Qc1 Ra2 29. Qe1 Ra5 30. Qh4 Qf7 31. Qd8 Nxc3 32. Rb8 Ra1+ 33. Kh2 g5 34. Qh8+ Kg6 35. Rf8 Qxf8 36. Qxf8 Ne4 37. Qg8+ Kh5 38. Qf7# 1-0

[Event "Nordhausen op 11th"]
[Site "Nordhausen"]
[Date "2011.08.05"]
[Round "4.13"]
[White "Buerckner, Georg"]
[Black "Meissel, Jan"]
[Result "1-0"]
[WhiteElo "2032"]
[BlackElo "1839"]
[PlyCount "59"]
[EventDate "2011.08.04"]
[EventType "swiss"]
[EventRounds "7"]
[EventCountry "GER"]
[SourceTitle "EXT 2019"]
[Source "ChessBase"]
[SourceDate "2018.10.10"]
[SourceVersion "1"]
[SourceVersionDate "2018.10.10"]
[SourceQuality "1"]

1. e4 e5 2. d4 exd4 3. c3 dxc3 4. Bc4 cxb2 5. Bxb2 d5 6. exd5 Bb4+ 7. Nd2 Nf6 8. Qa4+ Nc6 9. 0-0-0 Bxd2+ 10. Rxd2 Ne4 11. Nf3 Nxd2 12. Re1+ Kf8 13. Nxd2 Bd7 14. dxc6 Bxc6 15. Qa3+ Qd6 16. Qc3 Qg6 17. Ba3+ Kg8 18. Re7 Re8 19. Bxf7+ Qxf7 20. Rxf7 Kxf7 21. Qc4+ Kg6 22. Qg4+ Kf7 23. Qf5+ Kg8 24. Nc4 h5 25. Ne5 Rh6 26. Qf7+ Kh7 27. Qf5+ Kg8 28. Qf7+ Kh7 29. Bb2 Ree6 30. Nd7 1-0